Wszystkie specjalizacje lekarskie - Statystyki

Ogólne statystyki
  • Ten quiz został rozwiązany 74 razy
  • Średni wynik to 34 z 77
Statystyki odpowiedzi
Specjalizacja % Poprawnych
Kardiologia
95%
Neurologia
90%
Okulistyka
90%
Położnictwo i ginekologia
88%
Urologia
86%
Pediatria
83%
Dermatologia i wenerologia
81%
Onkologia kliniczna
81%
Ortopedia i traumatologia narządu ruchu
81%
Choroby płuc
79%
Otorynolaryngologia
76%
Anestezjologia i intensywna terapia
74%
Psychiatria
74%
Geriatria
71%
Alergologia
67%
Chirurgia ogólna
64%
Endokrynologia
64%
Gastroenterologia
64%
Neurochirurgia
64%
Nefrologia
62%
Medycyna rodzinna
60%
Radiologia i diagnostyka obrazowa
60%
Hematologia
57%
Choroby wewnętrzne
55%
Diabetologia
55%
Chirurgia plastyczna
52%
Chirurgia naczyniowa
50%
Kardiochirurgia
50%
Medycyna pracy
50%
Chirurgia dziecięca
45%
Reumatologia
45%
Choroby zakaźne
43%
Medycyna sądowa
43%
Neonatologia
40%
Medycyna ratunkowa
38%
Psychiatria dzieci i młodzieży
38%
Chirurgia onkologiczna
36%
Kardiologia dziecięca
36%
Angiologia
33%
Chirurgia szczękowo-twarzowa
33%
Immunologia kliniczna
33%
Medycyna nuklearna
33%
Medycyna sportowa
33%
Neurologia dziecięca
33%
Chirurgia klatki piersiowej
31%
Diagnostyka laboratoryjna
31%
Onkologia i hematologia dziecięca
31%
Urologia dziecięca
31%
Endokrynologia i diabetologia dziecięca
29%
Medycyna morska i tropikalna
29%
Medycyna paliatywna
29%
Nefrologia dziecięca
29%
Transplantologia kliniczna
29%
Zdrowie publiczne
29%
Audiologia i foniatria
26%
Farmakologia kliniczna
26%
Genetyka kliniczna
26%
Medycyna lotnicza
26%
Toksykologia kliniczna
26%
Choroby płuc dzieci
24%
Epidemiologia
24%
Intensywna terapia
24%
Otorynolaryngologia dziecięca
24%
Rehabilitacja medyczna
24%
Seksuologia
24%
Balneologia i medycyna fizykalna
21%
Gastroenterologia dziecięca
21%
Ginekologia onkologiczna
21%
Mikrobiologia lekarska
21%
Patomorfologia
19%
Endokrynologia ginekologiczna i rozrodczość
17%
Perinatologia
17%
Hipertensjologia
12%
Neuropatologia
12%
Radioterapia onkologiczna
12%
Transfuzjologia kliniczna
12%
Pediatria metaboliczna
10%
Nie znaleziono quizów pasujących do podanych kryteriów
Rozkład punktacji
Procent ludzi z każdym wynikiem
Percentyl według liczby udzielonych odpowiedzi
Twoja historia wyników
Nie rozwiązałeś tego quizu